000 01582nam a22003017a 4500
005 20110413113423.0
010 _aB-432509-513
020 _a8182637694
_c20.00
035 _aB-432509-513
037 _aDPL
_bBlueberry
082 _aS
100 _aDutta, Brinda
_930257
245 r _aThe Monsoon concert /
_cby Brinda Dutta ; illustrated by Sanjaay Sarkar
250 _a3rd
260 _aNew Delhi
_bPratham Books
_c2010
270 _a633-634,4th "C" Main,6th 'B' Cross, OMBR Layout Banaswadi,
_bBangalore
_e560043
_k911141042483 (New Delhi)
300 _a8p.
_bill.
_c26cm.(pbk)
700 _aSarkar, Sanjay
_927199
700 _aJain, Aranya
_927244
700 _aChaudhry, Manisha
_927206
942 _2ddc
_cCH
_hS
_mDUT
999 _c51570
_d51570